Clubs de football ayant joué une finale européenne - Statistiques

Statistiques générales
  • Ce quiz a été pris 396 fois
  • Le résultat moyen est 41 sur 100
Statistiques - réponses
Team % Correct
Real Madrid
98%
FC Barcelone
96%
Paris Saint-Germain
94%
Bayern Munich
92%
Inter
92%
AC Milan
91%
Liverpool
91%
Manchester United
91%
Olympique de Marseille
90%
Manchester City
89%
Borussia Dortmund
86%
Chelsea
86%
Juventus
86%
Séville FC
82%
Atlético de Madrid
81%
Arsenal
80%
FC Porto
78%
Ajax Amsterdam
77%
AS Rome
76%
Benfica
74%
Tottenham Hotspur
73%
AS Monaco
70%
Stade de Reims
67%
PSV Eindhoven
65%
SSC Naples
65%
Valence CF
65%
AS Saint-Étienne
64%
Aston Villa
63%
Bayer Leverkusen
62%
Lazio
61%
Celtic Glasgow
59%
Fiorentina
58%
Nottingham Forest
58%
Étoile Rouge de Belgrade
56%
Feyenoord Rotterdam
56%
Glasgow Rangers
54%
Hambourg SV
51%
Girondins de Bordeaux
48%
Galatasaray
47%
West Ham United
47%
Olympiakos
46%
Villarreal
46%
Atalanta
45%
Athletic Bilbao
45%
RSC Anderlecht
41%
Sporting CP
40%
Everton
39%
Parme
39%
Steaua Bucarest
39%
Zénith Saint-Pétersbourg
39%
Eintracht Francfort
37%
SC Braga
37%
Club Bruges
34%
CSKA Moscou
33%
Leeds United
33%
Malmö
30%
Schalke 04
30%
Torino
29%
Dynamo Kiev
27%
Werder Brême
27%
VfB Stuttgart
26%
Panathinaïkos
25%
Sampdoria
25%
Borussia Mönchengladbach
23%
SC Bastia
21%
AZ Alkmaar
17%
FC Cologne
17%
Rapid Vienne
16%
Partizan Belgrade
15%
Aberdeen
13%
Chakhtar Donetsk
13%
Fulham
13%
IFK Göteborg
13%
Wolverhampton United
11%
Austria Vienne
10%
Dynamo Moscou
10%
FC Twente
10%
Ferencváros
10%
Real Saragosse
10%
Standard de Liège
10%
Deportivo Alavés
9%
Espanyol de Barcelone
9%
FC Malines
9%
FK Dnipro
9%
Ipswich Town
9%
Antwerp
6%
MTK Budapest
6%
RCD Majorque
6%
Slovan Bratislava
6%
FC Magdebourg
5%
Dundee United
4%
Middlesbrough
4%
FC Carl Zeiss Iéna
3%
Fortuna Düsseldorf
3%
Dinamo Tbilissi
2%
TSV Munich 1860
2%
Fehérvár Football Club
1%
Górnik Zabrze
1%
Lokomotive Leipzig
1%
Red Bull Salzbourg
1%
Aucun quiz correspondant
Distribution des résultats
% des personnes avec chaque résultat
Percentile par nombre de réponses
Votre historique - résultats
Vous n’avez pas pris ce quiz